| 000 | 00000cam 2200000zi 4500 |
| 001 | 9.959334 |
| 003 | CaOODSP |
| 005 | 20260128114250 |
| 006 | m o d f |
| 007 | cr cn||||||||| |
| 008 | 260128e20260128onc obs f000 0 fre d |
| 040 | |aCaOODSP|bfre|erda|cCaOODSP |
| 043 | |an-cn--- |
| 045 | |ay2y2 |
| 086 | 1 |aCS36-28-0001/2026-1-2F-PDF |
| 100 | 1 |aGueye, Bassirou, |eauteur. |
| 245 | 10|aEmploi et revenu des Autochtones dans les entreprises appartenant à des Autochtones : analyse comparative / |cpar Bassirou Gueye. |
| 264 | 1|a[Ottawa] : |bStatistique Canada = Statistics Canada, |c28 janvier 2026. |
| 264 | 4|c©2026 |
| 300 | |a1 ressource en ligne (8 pages). |
| 336 | |atexte|btxt|2rdacontent/fre |
| 337 | |ainformatique|bc|2rdamedia/fre |
| 338 | |aressource en ligne|bcr|2rdacarrier/fre |
| 490 | 1 |aRapports économiques et sociaux, |x2563-8963 ; |vvol. 6, n° 01, janvier 2026 |
| 500 | |aPublié aussi en anglais sous le titre : Indigenous employment and income in Indigenous-owned businesses: a comparative analysis. |
| 500 | |a« N° 36-28-0001 au catalogue. » |
| 500 | |a« Pleins feux sur les données et la recherche. » |
| 504 | |aComprend des références bibliographiques (page 8). |
| 520 | |a« Les entreprises appartenant à des Autochtones sont une composante importante et croissante du paysage économique du Canada. Non seulement ces entreprises contribuent à l'entrepreneuriat et au développement communautaire, mais elles représentent également d'importantes sources d'emplois pour les Autochtones. … La présente étude représente une nouvelle contribution au corpus de données probantes. Statistique Canada a d'abord aidé à combler une importante lacune statistique en élaborant un cadre permettant de recenser les propriétaires d’entreprises autochtones et les entreprises appartenant à des Autochtones. S'appuyant sur ces travaux, la présente analyse élargit la portée afin de combler une autre lacune, en fournissant des données sur l'emploi des Autochtones au sein d'entreprises appartenant à des Autochtones. … » -- Introduction, page 1. |
| 650 | 6|aPersonnel autochtone|xTravail|zCanada|vStatistiques. |
| 650 | 6|aEntreprises autochtones|xPersonnel|zCanada|vStatistiques. |
| 650 | 6|aSalaires|zCanada|vStatistiques. |
| 655 | 7|aStatistiques|2rvmgf |
| 710 | 2 |aStatistique Canada, |eorganisme de publication. |
| 775 | 08|tIndigenous employment and income in Indigenous-owned businesses : |w(CaOODSP)9.959332 |
| 830 | #0|aRapports économiques et sociaux (Statistique Canada)|vvol. 6, n° 1, janvier 2026.|w(CaOODSP)9.895770 |
| 856 | 40|qPDF|s491 Ko|uhttps://publications.gc.ca/collections/collection_2026/statcan/36-28-0001/CS36-28-0001-2026-1-2-fra.pdf |
| 856 | 4 |qHTML|sS.O.|uhttps://doi.org/10.25318/36280001202600100002-fra |
| 986 | |a36-28-0001 |